Paris 2024 Olympics Medal-Winning Countries - Statistics

General Stats
  • This quiz has been taken 228 times
  • The average score is 71 of 90
Answer Stats
Answer % Correct
United States
99%
Great Britain
98%
China
97%
France
96%
Japan
96%
South Korea
96%
Canada
95%
Germany
95%
Italy
95%
Spain
94%
Australia
93%
Sweden
93%
Norway
92%
Belgium
91%
Brazil
91%
India
91%
Portugal
91%
Greece
90%
Netherlands
90%
New Zealand
90%
Poland
90%
Ireland
89%
Mexico
89%
South Africa
89%
Ukraine
89%
Kenya
88%
Serbia
88%
Türkiye
88%
Denmark
87%
Argentina
86%
North Korea
86%
Austria
85%
Croatia
85%
Romania
85%
Egypt
84%
Jamaica
84%
Morocco
84%
Pakistan
84%
Colombia
83%
Cuba
83%
Hungary
83%
Slovenia
83%
Algeria
82%
Chile
82%
Indonesia
82%
Iran
82%
Slovakia
82%
Switzerland
82%
Chinese Taipei
81%
Ethiopia
81%
Israel
81%
Czech Republic
80%
Thailand
80%
Lithuania
79%
Kazakhstan
78%
Bulgaria
77%
Peru
77%
Uzbekistan
77%
Fiji
76%
Georgia
76%
Azerbaijan
75%
Ecuador
75%
Saint Lucia
75%
Armenia
73%
Botswana
73%
Malaysia
73%
Philippines
73%
Mongolia
72%
Qatar
72%
Dominican Republic
70%
Albania
68%
Panama
68%
Tajikistan
68%
Kyrgyzstan
66%
Moldova
66%
Singapore
66%
Tunisia
66%
Guatemala
65%
Cyprus
64%
Uganda
64%
Bahrain
61%
Dominica
61%
Hong Kong
60%
Kosovo
59%
Jordan
58%
Zambia
57%
Grenada
46%
Puerto Rico
45%
Ivory Coast
40%
Cape Verde
30%
No matching quizzes found
Score Distribution
Percent of People with Each Score
Percentile by Number Answered
Your Score History
You have not taken this quiz